000 00945cam a22002652 4500
001 0000001655
005 20151217151823.0
008 070321s xx 000 0 eng d
020 _a0330223733 :
040 _aKABU
_cKABU
050 0 _aHD30.28
_b.B68 1999
100 1 _aBourgeois, L. J.
_@0000150585
245 1 0 _aStrategic management :
_ba managerial perspective /
_cL. J. Bourgeois, 111, Irene M. Duhaime, J. L. Stimpert.
250 _a2nd ed.
260 _aFort Worth :
_bDryden Press,
_cc1999.
300 _a1 v. (various pagings) :
_bill. ;
_c26 cm.
504 _aIncludes bibliographical references and index.
650 0 _aStrategic planning
_xCase studies.
_@0000150586
650 0 _aIndustrial management
_xCase studies.
_@0000150587
700 1 _aDuhaim, Irene M.
_@0000150588
700 1 _aStimpert, John Lawrence.
_@0000150589
908 _a070321
950 _@1
999 _c5368
_d5368